000 00731nam a2200229 a 4500
001 48572
003 BD-RjUL
005 20211209054540.0
008 140816s1976 bg 000 p ben d
020 _c : Tk. 8.00
035 _a(BD-RjUL)48691
040 _aBD-RjUL
_cBD-RjUL
_dBD-RjUL
_bben
041 _aben
082 0 4 _223
_a891.441
_bSAN 1976
100 1 _aসরকার, অরুণাভ
_9146725
245 1 0 _aনগরে বাউল /
_cঅরুণাভ সরকার
260 _aঢাকা :
_bমুক্তধারা,
_c১৯৭৬
300 _a৬৩ পৃ. ;
_c২০ সেমি.
650 0 _aবাংলা কবিতা
_99451
650 0 _aBengali poetry
_9117526
942 _2ddc
_cBK
999 _c48572
_d48572